[Event "IECG CF.2007.0.00088 email"]
[Site "IECG email"]
[Date "2007.07.22"]
[Round "1"]
[White "Leon, Orestes"]
[Black "Borges Netto, Alexandre V"]
[Result "1-0"]
[WhiteElo "1075"]
[BlackElo "1189"]
[PlyCount "69"]
[EventDate "2007.07.22"]
[EventType "tourn (corr)"]
[EventRounds "6"]
[SourceTitle "Corr 2024"]
[Source "ChessBase"]
[SourceDate "2023.10.19"]
[SourceVersion "1"]
[SourceVersionDate "2023.10.19"]
[SourceQuality "1"]

1. e4 e5 2. Nf3 Nc6 3. Bb5 a6 4. Bxc6 dxc6 5. 0-0 f6 6. d4 Bg4 7. c3 Bd6 8. h3 Bh5 9. Be3 Qd7 10. Nxe5 Bxd1 11. Nxd7 Bc2 12. Nc5 Bxc5 13. dxc5 Bxe4 14. Rd1 Ne7 15. Bf4 Nd5 16. Re1 f5 17. Bxc7 Nxc7 18. f3 0-0 19. fxe4 Ne6 20. b4 Rad8 21. Na3 Rd3 22. exf5 Nf4 23. Rac1 Rxf5 24. Rc2 Rfd5 25. Re8+ Kf7 26. Rb8 Rd2 27. Rxb7+ Kf8 28. Ra7 Rxc2 29. Ra8+ Kf7 30. Nxc2 Rd2 31. Ne1 Rxa2 32. b5 cxb5 33. c6 Ne6 34. c7 Nxc7 35. Ra7 1-0

[Event "IECG CF.2006.0.00084 email"]
[Site "IECG email"]
[Date "2006.10.15"]
[Round "?"]
[White "Marcus, Frank"]
[Black "Leon, Orestes"]
[Result "0-1"]
[WhiteElo "1153"]
[BlackElo "1010"]
[PlyCount "58"]
[EventDate "2006.10.15"]
[EventType "tourn (corr)"]
[EventRounds "6"]
[SourceTitle "Corr 2011"]
[Source "ChessBase"]
[SourceDate "2010.08.31"]
[SourceVersion "1"]
[SourceVersionDate "2010.08.31"]
[SourceQuality "1"]

1. c4 e5 2. Nc3 Bb4 3. Nf3 Nc6 4. e4 d6 5. a3 Bxc3 6. dxc3 Qf6 7. Bg5 Qg6 8. Qd5 Bg4 9. Be3 Nf6 10. Qd1 Nxe4 11. Bd3 0-0 12. h3 Bxf3 13. Qxf3 f5 14. 0-0 Nxc3 15. Qg3 Qxg3 16. fxg3 e4 17. bxc3 exd3 18. Rad1 Rae8 19. Rxd3 Re4 20. Rb1 Ne5 21. Rbd1 Nxd3 22. Rxd3 Rxc4 23. Kf2 Re8 24. Kf3 Re5 25. Bd4 Ra5 26. Kf4 c5 27. Kxf5 cxd4+ 28. Ke6 dxc3 29. Rxd6 Re4+ 0-1

[Event "IECG CN.2002.0.00300 email"]
[Site "IECG email"]
[Date "2002.07.08"]
[Round "?"]
[White "Kyllo, Richard"]
[Black "Leon, Orestes"]
[Result "0-1"]
[WhiteElo "979"]
[BlackElo "977"]
[PlyCount "98"]
[EventDate "2002.07.08"]
[EventType "tourn (corr)"]
[EventRounds "5"]
[SourceTitle "Corr 2008"]
[Source "ChessBase"]
[SourceDate "2008.06.24"]
[SourceVersion "1"]
[SourceVersionDate "2008.06.24"]
[SourceQuality "1"]

1. d4 Nf6 2. c4 e6 3. Nc3 Bb4 4. Nf3 c5 5. e3 Nc6 6. Bd3 Bxc3+ 7. bxc3 d6 8. e4 e5 9. d5 Ne7 10. 0-0 Ng6 11. Re1 0-0 12. Bg5 h6 13. Bxf6 Qxf6 14. Rb1 Nf4 15. Kh1 Bg4 16. Be2 Rab8 17. Ng1 Nxe2 18. Nxe2 Qxf2 19. h3 Bd7 20. Rf1 Qe3 21. Qc2 Qg5 22. Rf3 f5 23. Ng3 f4 24. Nf1 Qh4 25. Kg1 g5 26. a4 h5 27. Qf2 Qxf2+ 28. Rxf2 b6 29. Rfb2 Ra8 30. Ra1 f3 31. Nh2 fxg2 32. Rxg2 Kh7 33. Rxg5 Kh6 34. Rg3 Rf4 35. a5 bxa5 36. Rxa5 h4 37. Re3 Rg8+ 38. Kh1 Rg3 39. Rxg3 hxg3 40. Ng4+ Bxg4 41. hxg4 Kg5 42. Ra6 Kxg4 43. Rxd6 Rxe4 44. Kg2 Re2+ 45. Kf1 Rf2+ 46. Kg1 Rd2 47. Rd7 a5 48. d6 e4 49. Rd8 Kf3 0-1

[Event "IECG CN.2001.0.00272"]
[Site "IECG email"]
[Date "2001.12.03"]
[Round "?"]
[White "Leon, Orestes"]
[Black "McBain, Bill"]
[Result "1/2-1/2"]
[WhiteElo "891"]
[BlackElo "800"]
[PlyCount "69"]
[EventDate "2001.12.03"]
[EventType "tourn (corr)"]
[EventRounds "6"]
[SourceTitle "Corr 2008"]
[Source "ChessBase"]
[SourceDate "2008.06.24"]
[SourceVersion "1"]
[SourceVersionDate "2008.06.24"]
[SourceQuality "1"]

1. e4 e5 2. Nf3 Nf6 3. Nc3 Nc6 4. Bb5 Nd4 5. Nxd4 exd4 6. Nd5 Nxd5 7. exd5 Qe7+ 8. Qe2 a6 9. Bd3 Qxe2+ 10. Bxe2 Bc5 11. 0-0 0-0 12. d3 d6 13. Bd2 Re8 14. Rfe1 Bd7 15. Bf3 Bb6 16. b3 h6 17. a4 Kf8 18. a5 Bc5 19. Kf1 Rxe1+ 20. Rxe1 Re8 21. Rxe8+ Kxe8 22. b4 Ba7 23. Ke2 Ke7 24. h4 Kf6 25. Be4 g5 26. g3 Bg4+ 27. f3 Bd7 28. hxg5+ hxg5 29. g4 c5 30. dxc6 bxc6 31. c4 dxc3 32. Bxc3+ Ke7 33. d4 d5 34. Bd3 Bc8 35. Kd1 1/2-1/2

[Event "IECG CN.2000.0.00201"]
[Site "IECG email"]
[Date "2000.07.03"]
[Round "?"]
[White "Tavakoli, Fariba"]
[Black "Leon, Orestes"]
[Result "1-0"]
[WhiteElo "800"]
[BlackElo "800"]
[PlyCount "43"]
[EventDate "2000.07.03"]
[EventType "tourn (corr)"]
[EventRounds "6"]
[SourceTitle "Corr 2008"]
[Source "ChessBase"]
[SourceDate "2008.06.24"]
[SourceVersion "1"]
[SourceVersionDate "2008.06.24"]
[SourceQuality "1"]

1. d4 d6 2. e4 f5 3. Nc3 Nf6 4. exf5 Bxf5 5. Nf3 Qd7 6. Bc4 Nc6 7. 0-0 e6 8. Re1 0-0-0 9. Nh4 d5 10. Bb5 Bg4 11. Qd3 a6 12. Ba4 Kb8 13. Rb1 Be7 14. b4 b5 15. Nxb5 Ne4 16. Nc3 Bxh4 17. Be3 Qf7 18. Nxe4 dxe4 19. Qxa6 Nxd4 20. Bxd4 Rxd4 21. Bc6 Qxf2+ 22. Kh1 1-0